| 000 | 00742cam a22002291 4500 | ||
|---|---|---|---|
| 001 | l 29000106 | ||
| 003 | DLC | ||
| 005 | 20260227111532.0 | ||
| 008 | 800215s1929 sz s 000 0 eng c | ||
| 010 | _al 29000106 | ||
| 035 | _a(OCoLC)5988128 | ||
| 040 |
_aLibrary, U. S. Dept. of Labor _cNBuU _dDLC |
||
| 050 | 0 | 0 |
_aHD4813 _b.I4 ser. N, no. 15 |
| 110 | 2 | _aInternational Labour Office. | |
| 245 | 1 | 0 | _aMethods of compiling statistics of railway accidents. |
| 260 |
_aGeneva, _c1929. |
||
| 300 |
_a82 p. _c24 cm. |
||
| 490 | 0 |
_aStudies and reports, series N, Statistics, _vno. 15 |
|
| 500 | _aAt head of title: International Labour Office. | ||
| 650 | 0 |
_aIndustrial accidents _xStatistics. |
|
| 650 | 0 |
_aRailroad accidents _xStatistics. |
|
| 999 |
_c35946 _d35946 |
||